| 000 | 00450nam a2200181Ia 4500 | ||
|---|---|---|---|
| 001 | 10458 | ||
| 005 | 20260306161833.0 | ||
| 008 | 260306t2012||||xx |||||||||||||| ||spa|| | ||
| 041 | _aESP | ||
| 082 |
_a930 _bB84 |
||
| 100 |
_aBrown, Peter _eAUT |
||
| 245 | 0 |
_aEl mundo de la antigüedad tardía: _bde Marco Aurelio a Mahoma |
|
| 260 | _c2012 | ||
| 300 |
_a222 páginas : _c23 cm. |
||
| 650 | _aGEN | ||
| 654 | _aCHU | ||
| 942 |
_cLIB _dJUS _fJUS _2ddc _n |
||
| 999 |
_c10458 _d10458 |
||